000 00298nam a22001337a 4500
008 171016b xxu||||| |||| 00| 0 eng d
020 _a0198770766
041 _aeng
080 _a33
100 _a52
101 _aECO
245 _aTHE ECONOMICS OF INEQUALITY
_cATKINSON.A.B
942 _2udc
_cBK
999 _c34034
_d34034